Arms control, disarmament, and national security

Furkejuvvon:
Bibliográfalaš dieđut
Váldodahkki: Brennan, Donald G (Dahkki)
Materiálatiipa: Girji
Giella:eaŋgalasgiella
Almmustuhtton: Nueva York George Braziller 1961
Fáttát:
Fáddágilkorat: Lasit fáddágilkoriid
Eai fáddágilkorat, Lasit vuosttaš fáddágilkora!

MARC

LEADER 00000nam a2200000 a 4500
001 UCT9265
003 CL-VaPUC
008 970404e19610000US |||||||||||||||||eng|d
082 0 4 |a 341.733  |b BRE  |2 21 
100 |a Brennan, Donald G  |e author  |9 381823 
245 1 0 |a Arms control, disarmament, and national security 
300 |a 475 p 
942 |c BK 
945 |d 19970404 00:00:00  |a paguirre 
260 |a Nueva York  |b George Braziller  |c 1961 
650 0 |a Desarme  |9 255227 
650 7 |a CONTROL DE ARMAMENTOS  |2 CL-VaPUC  |9 354177 
650 0 |a Relaciones Internacionales  |9 255740 
650 0 |a Paz  |9 259242 
650 7 |a SEGURIDAD COLECTIVA  |2 CL-VaPUC  |9 378098 
650 0 |a Armas nucleares  |9 334563 
650 7 |a CARRERA DE ARMAMENTOS  |2 CL-VaPUC  |9 381824 
583 |a last modification  |c 19970404 00:00:00  |k Rodrigo Vera 
999 |c 257681  |d 257679 
952 |0 0  |1 0  |4 0  |6 341_733000000000000_BRE_1961  |7 0  |8 A  |9 281276  |a BIBDER  |b BIBDER  |d 2019-11-19  |i 1819585  |o 341.733 BRE 1961  |p 1819585  |r 2023-01-25  |w 2019-11-19  |y BK  |k DER